EVERY WWE Pay Per View Main Event Part 3 - Statistics

General Stats
  • This quiz has been taken 295 times
    113 since last reset
  • The average score is 198 of 227
Answer Stats
Hint Answer % Correct
Clash At The Castle 2022 | Clash Of Champions 2020 | Crown Jewel 2021 | +26 others Roman Reigns
100%
Backlash 2023 | Crown Jewel 2021 | Day 1 2022 | +10 others Brock Lesnar
98%
Day 1 2022 | Elimination Chamber 2022 | Extreme Rules 2022 | +6 others Seth 'Freakin' Rollins
98%
Clash Of Champions 2019 | Crown Jewel 2019 | Extreme Rules 2019 | +5 others Seth Rollins
98%
Backlash France 2024 | Elimination Chamber 2019 | Elimination Chamber 2022 | +2 others AJ Styles
97%
TLC 2018 | TLC 2019 | WrestleMania 35 Charlotte Flair
95%
Backlash 2023 | Backlash France 2024 | Hell In A Cell 2022 | +5 others Cody Rhodes
95%
Backlash 2020 | Elimination Chamber 2019 | Hell In A Cell 2020 | +4 others Randy Orton
95%
Day 1 2022 | Survivor Series 2021 Big E
94%
Clash At The Castle 2022 | Elimination Chamber 2021 | Fastlane 2019 | +10 others Drew McIntyre
94%
Clash Of Champions 2020 | Money In The Bank 2023 | SummerSlam 2023 | +4 others Jey Uso
94%
Money In The Bank 2023 | Survivor Series: War Games 2022 | WrestleMania 39 Night 1 | WrestleMania Backlash 2022 Jimmy Uso
94%
Summerslam 2021 John Cena
94%
Crown Jewel 2018 | Super Showdown 2018 Triple H
94%
Survivor Series 2019 | TLC 2018 | TLC 2019 | WrestleMania 35 Becky Lynch
92%
Backlash 2020 | Money In The Bank 2021 | Royal Rumble 2021 (Rumble Winner) | WrestleMania 37 Night 2 Edge
92%
Evolution 2018 Nikki Bella
92%
Crown Jewel 2019 | Hell In A Cell 2019 | Payback 2020 | +4 others Bray Wyatt
91%
Survivor Series: War Games 2023 Dominik Mysterio
91%
Money In The Bank 2020 Rey Mysterio
91%
Crown Jewel 2018 | Super Showdown 2018 | Super Showdown 2019 | WrestleMania 36 Night 1 The Undertaker
91%
Day 1 2022 | Elimination Chamber 2022 | Fastlane 2019 | Hell In A Cell 2021 Bobby Lashley
89%
Clash Of Champions 2019 | Hell In A Cell 2018 | Payback 2020 | +2 others Braun Strowman
89%
Elimination Chamber 2019 | Fastlane 2021 | Money In The Bank 2020 | +2 others Daniel Bryan
89%
Extreme Rules 2021 | Money In The Bank 2019 | Survivor Series: War Games 2023 Finn Balor
89%
Day 1 2022 | Night Of Champions 2023 | Royal Rumble 2023 | +3 others Kevin Owens
89%
Evolution 2018 | WrestleMania 35 Ronda Rousey
89%
Elimination Chamber 2023 | Money In The Bank 2022 | Night Of Champions 2023 | +3 others Sami Zayn
88%
Money In The Bank 2023 | Night Of Champions 2023 | Survivor Series: War Games 2022 Solo Sikoa
88%
WrestleMania 37 Night 1 Bianca Belair
86%
Crown Jewel 2018 Kane
86%
WrestleMania 37 Night 1 Sasha Banks
86%
Survivor Series: War Games 2023 Damian Priest
85%
Crown Jewel 2018 Shawn Michaels
85%
WrestleMania XL Night 1 The Rock
85%
Survivor Series 2019 Bayley
83%
Super Showdown 2019 | Super Showdown 2020 Goldberg
83%
Elimination Chamber 2019 Kofi Kingston
83%
Elimination Chamber 2020 | Money In The Bank 2020 | TLC 2018 | TLC 2019 Asuka
82%
Fastlane 2019 Dean Ambrose
80%
Fastlane 2019 | Money In The Bank 2019 | Money In The Bank 2020 | Stomping Grounds 2019 Baron Corbin
79%
Money In The Bank 2022 | Survivor Series: War Games 2022 Sheamus
79%
WrestleMania 38 Night 1 Steve Austin
79%
Crown Jewel 2022 Logan Paul
76%
Money In The Bank 2020 Otis
76%
Elimination Chamber 2020 Liv Morgan
74%
Elimination Chamber 2021 The Miz
74%
Elimination Chamber 2024 Rhea Ripley
73%
WrestleMania Backlash 2021 Cesaro
71%
Elimination Chamber 2019 Samoa Joe
71%
Elimination Chamber 2022 | Money In The Bank 2022 Austin Theory
68%
Elimination Chamber 2024 | Money In The Bank 2020 Nia Jax
68%
Fastlane 2023 | Payback 2023 Shinsuke Nakamura
68%
Elimination Chamber 2022 | Extreme Rules 2022 | Money In The Bank 2022 | WrestleMania Backlash 2022 Riddle
67%
Survivor Series: War Games 2022 Butch
65%
Money In The Bank 2019 Mustafa Ali
62%
Survivor Series: War Games 2022 Ridge Holland
61%
Survivor Series: War Games 2023 JD McDonagh
59%
Elimination Chamber 2019 Jeff Hardy
58%
Crown Jewel 2023 LA Knight
58%
TLC 2019 Kairi Sane
56%
Elimination Chamber 2020 | Money In The Bank 2020 | Survivor Series 2019 Shayna Baszler
55%
Money In The Bank 2019 Ricochet
53%
Money In The Bank 2020 Aleister Black
47%
Elimination Chamber 2020 Natalya
47%
Money In The Bank 2020 Carmella
42%
Money In The Bank 2019 Andrade
36%
Money In The Bank 2022 Omos
30%
Elimination Chamber 2020 Sarah Logan
30%
Elimination Chamber 2020 Ruby Riott
29%
Money In The Bank 2020 Lacey Evans
27%
Money In The Bank 2020 Dana Brooke
24%
Money In The Bank 2022 Madcap Moss
9%
No matching quizzes found
Score Distribution
Percent of People with Each Score
Percentile by Number Answered
Your Score History
You have not taken this quiz since the last reset